000 00757nam a22002057a 4500
999 _c195915
_d195915
005 20230607105221.0
010 _aUR-11972 UR-12028
020 _c225.00
035 _aU-10527
035 _aU-10583
037 _bDBAD/PUB
082 _a841
100 _aفا رو قی ، عبد القا در غیاث الدین
245 _aاردو شاعری اور تصو ف :
_bتا ریخی و تنقید ی جایز ہ /
_cعبد القا در غیاث الدین فاروقی
246 _aUrdu Shayari aur Tasawwuf /
_bby Abdul Qadir Ghyasuddin Faruqui
260 _aHyderabad
_bAbul Wafa Al-Afghani
_c2009 ء
270 _aJamina Nizamia, Shibligunj
_bHderabad
300 _a679 ص
_c22cm(Hb)
942 _2ddc
_cUR
_h841
_mف ا ر